Logo BPK

Biblioteka

Politechniki Koszalińskiej

Roboty przemysłowe : (Rekord nr 6474)

Szczegóły MARC
000 -ETYKIETA REKORDU
podpole kontrolne o stałej długości 00550nam a2200193 i 4500
001 - NUMER KONTROLNY REKORDU
pole kontrolne bg
020 ## - MIĘDZYNARODOWY ZNORMALIZOWANY NUMER KSIĄŻKI - ISBN
ISBN 8320416906
040 ## - ŹRÓDŁO KATALOGOWANIA
Instytucja, która utworzyła rekord BPK
041 ## - KOD JĘZYKA
Kod języka tekstu pol
080 ## - UNIWERSALNA KLASYFIKACJA DZIESIĘTNA - UKD
UKD 681.5:621
920 ## - Międzynarodowy znormalizowany numer książki – ISBN
ISBN 83-204-1690-6
008 - POLE O STAŁEJ DŁUGOŚCI - DANE KONTROLNE
podpole kontrolne o stałej długości s pl f |000 0 pol
100 1# - NAZWA OSOBOWA
Nazwa osobowa TOMASZEWSKI, Karol
245 #0 - TYTUŁ/ODPOWIEDZIALNOŚĆ
Tytuł Roboty przemysłowe :
Ciąg dalszy tytułu projektowanie układów mechanicznych /
Pozostałe elementy strefy tytułu i oznaczenia odpowiedzialności Karol Tomaszewski.
260 ## - STREFA ADRESU WYDAWNICZEGO
Miejsce wydania Warszawa :
Nazwa wydawcy/dystrybutora Wydawnictwa Naukowo-Techniczne,
Data publikacji, dystrybucji/powstania dokumentu 1993.
300 ## - STREFA OPISU FIZYCZNEGO
Objętość 292 s. :
Inne cechy fizyczne rys., wykr. ;
Rozmiary 24 cm.
504 ## - UWAGA DOTYCZĄCA BIBLIOGRAFII
Informacje o bibliografii Bibliogr. s. 282-292.
856 ## - LOKALIZACJA I DOSTĘP DO ELEKTRONICZNYCH DOKUMENTÓW ZDALNYCH
Link (URL) http://koha.tu.koszalin.pl/cgi-bin/koha/opac-detail.pl?biblionumber=6474
Tekst linku Katalog online BPK
942 ## - DODATKOWE ELEMENTY (KOHA)
Typ dokumentu Książka
Egzemplarze
Wycofany Status egzemplarza Uszkodzony Dostępność Lokalizacja stała Lokalizacja bieżąca Miejsce przechowywania Sygnatura Kod kreskowy Ostatnio wypożyczono Typ dokumentu
      Dostępny Biblioteka Politechniki Koszalińskiej Biblioteka Politechniki Koszalińskiej Wypożyczalnia BG P 47511 01175363 10.12.2018 Książka
© 2023 Biblioteka Politechniki Koszalińskiej :: KOHA